| 000 | 00683 a2200193 4500 | ||
|---|---|---|---|
| 020 | _a0070228396 | ||
| 040 | _aDLC | ||
| 082 | 0 | 0 | _a621.382/1 |
| 100 | 1 | _aLeon-Garcia, Alberto. | |
| 245 | 1 | 0 |
_aCommunication networks : fundamental concepts and key architectures _bfundamental concepts and key architectures _cAlbert Leon-Garcia, Indra Widjaja. |
| 260 |
_aBoston : _bMcGraw-Hill, _cc2000. |
||
| 300 |
_axxiii, 867 p. : _bill. ; _c24 cm. |
||
| 440 | 0 | _aMcGraw-Hill series in computer science | |
| 650 | 0 | _aTelecommunication systems. | |
| 650 | 0 | _aComputer networks. | |
| 650 | 0 | _aComputer network architectures. | |
| 700 | 1 |
_aWidjaja, Indra, _d1960- |
|
| 942 |
_cBK _k621.3821 LEO _2ddc |
||
| 999 |
_c8249 _d8249 |
||